000 00548nam a2200205Ia 4500
003 GCL
008 140319s9999 xx 000 0 eng d
040 _aGCL /
_cGCL
082 0 4 _a306.0947
_bM S
100 1 _aMILLAR, JAMES
245 1 0 _aTHE SOCIAL LEGACY OF COMMUNISM /
_cMILLAR, JAMES
260 _a[S.N] :
_bCAMBRIDGE UNIVERSITY PRESS ،
_c1994
300 _a404 P
650 0 4 _aFORMER SOVIET REPUBLICS
650 0 4 _aCONGRESSES
650 0 4 _aSOCIAL CONDITIONS
650 0 4 _aSOVIET UNION
650 0 4 _aEUROPE, EASTERN
942 _2ddc
_cBK
999 _c12619
_d12619